• 首页
  • 本馆介绍
  • 公告通知
  • 最新文献
  • 馆藏检索
  • 电子资源
  • 读者导购
  • 参考咨询
  • 我的图书馆
  • 登录
  • 详细信息显示
  • 放入我的书架
  • 预约/预借图书
  • 作者相关作品
  • 分类相关作品
  • 丛书相关作品
  • 出版社相关作品

书目信息

  • 表格格式
  • 工作单格式
  • 卡片格式
题名:
青藏高原高寒草地植物-土壤系统的生物多样性及其对全球变化的响应
    
 
作者: 董世魁 著
分册:  
出版信息: 北京   科学出版社  2018
页数: 286页
开本: 24cm
丛书名:
单 册:
中图分类: S154.4
科图分类:
主题词:
电子资源:
ISBN: 978-7-03-056053-7
000 01386cam0 2200277 450
001 012001000903
005 20131107083446.0
010    @a978-7-03-056053-7@dCNY129.00
099    @aCAL 012018134958
100    @a20180917d2018 em y0chiy50 ea
101 0  @achi
102    @aCN@b110000
105    @aak a 000yy
106    @ar
200 1  @a青藏高原高寒草地植物-土壤系统的生物多样性及其对全球变化的响应@Aqing zang gao yuan gao han cao di zhi wu - tu rang xi tong de sheng wu duo yang xing ji qi dui quan qiu bian hua de xiang ying@f董世魁 ... [等] 著
210    @a北京@c科学出版社@d2018
215    @a286页@c图@d24cm
312    @a英文题名取自封面
320    @a有书目 (第264-283页)
330    @a本书通过大量的第一手资料的实证分析和国内外文献的引证综述, 拟回答以下科学问题: 如何有效监测高寒草地植物多样性和土壤生物多样性 ; 如何科学量化高寒草地植物多样性和土壤生物多样性的生态功能 ; 高寒草地植物多样性和土壤生物多样性的关系是什么 ; 高寒草地植物多样性和土壤生物多样性在草地类型和地理维度上有何变化规律等。
510 1  @aBiodiversities in plant-soil systems of alpinc grasslands on the Qinghai-Tibetan plateau and their responses to global changes@zeng
607    @a青藏高原@Aqing zang gao yuan@x寒冷地区@x土壤@x植物系统@x生物多样性@x研究
690    @aS154.4@v5
701  0 @a董世魁@Adong shi kui@4著
801  0 @aCN@b北京卓展文化@c20191020
905    @b1197132-4@dS154.4@e107@f3
    
    青藏高原高寒草地植物-土壤系统的生物多样性及其对全球变化的响应/董世魁 ... [等] 著.-北京:科学出版社,2018
    286页:图;24cm
    
    
    ISBN 978-7-03-056053-7:CNY129.00
    本书通过大量的第一手资料的实证分析和国内外文献的引证综述, 拟回答以下科学问题: 如何有效监测高寒草地植物多样性和土壤生物多样性 ; 如何科学量化高寒草地植物多样性和土壤生物多样性的生态功能 ; 高寒草地植物多样性和土壤生物多样性的关系是什么 ; 高寒草地植物多样性和土壤生物多样性在草地类型和地理维度上有何变化规律等。
●
相关链接 在E读中查询图书 在五车中查询图书 在当当中查询图书 在豆瓣中查询图书


正题名:青藏高原高寒草地植物-土壤系统的生物多样性及其对全球变化的响应     索取号:S154.4/107         预约/预借

序号 登录号 条形码 馆藏地/架位号 状态 备注
1 1197132   211971320   第二样本阅览室/ [索取号:S154.4/107] 在馆    
2 1197133   211971339   第三借阅区/ [索取号:S154.4/107] 在馆    
3 1197134   211971348   第三借阅区/ [索取号:S154.4/107] 在馆    
唐山师范学院图书馆 欢迎您!
大连网信软件有限公司© 版权所有